000 00297nam a22001217a 4500
040 _cNUST
082 _a297.7
_bASH
100 _aMaulana Muhammad Ashraf Ali Thanvi
_9125861
245 _aDeen-u-Duniya
260 _aLahore:
_bJamiya Ashrafia,
_c1995.
650 _2Deen-u-Duniya
942 _2ddc
_cBK
999 _c611514
_d611514